Countries you can fly to from Reykjavík–Keflavík Airport (KEF) - Statistics

General Stats
  • This quiz has been taken 33 times
  • The average score is 26 of 27
Answers on the Map
Answers color-coded by a green-red scale on the quiz's map according to % correct below.
 
Answer Stats
Number of destinations Country % Correct
1 Belgium
100%
7 Canada
100%
8 Denmark
100%
1 Finland
100%
4 France
100%
4 Germany
100%
2 Iceland
100%
1 Ireland
100%
4 Italy
100%
1 Netherlands
100%
3 Norway
100%
4 Poland
100%
3 Portugal
100%
8 Spain
100%
2 Sweden
100%
14 United Kingdom
100%
15 United States
100%
2 Croatia
96%
1 Czechia
96%
1 Hungary
96%
3 Switzerland
96%
3 Austria
93%
1 Greece
93%
1 Latvia
93%
2 Romania
93%
1 Lithuania
89%
1 Montenegro
67%
No matching quizzes found
Score Distribution
Percent of People with Each Score
Percentile by Number Answered
Your Score History
You have not taken this quiz